000 00280nam a2200109Ia 4500
001 1261045
005 20260417140344.0
008 260417s9999 xx 000 0 und d
020 _a9789752895201
245 0 _aKüresel Adalet
_cErnesto Che Guevara
260 _bEverest Yayınları
999 _c1261045
_d1261045